Quizzes
Events
Quiz Creation
Community
Videos
Private Events
Remove Ads
Sign In
Join for FREE
Feedback
Dark Mode
Quiz Categories
Sports
Geography
Music
Movies
Television
Just For Fun
Miscellaneous
History
Literature
Language
Science
Gaming
Entertainment
Religion
Holiday
For Kids
Quiz Lab
Recent
Popular Today
Quiz Kudos Today
Editor Picks
Curator Picks
Quizzes by...
Day
Popularity
Type
Ratings
Length
Year
Community
Subscriptions
Recent Discussions
Orange Saloon
Badges
Playlists
Quests
Create
Leaderboards
Showdown
Live 5
Trivia Bingo
Activity
Puzzle Library
Sporcle Events
Private Events
Virtual Trivia
Globe League
Become a Host
Pub Owners
SporcleCon
Opinionation
Our Games
Videos
Blog
Mobile Apps
Partnerships
Remove Ads and Go Orange
Feedback
Gaming
Video Games
Board Games
Card Games
Pokémon
Mario
Nintendo
Minecraft
Console
Toys
Legend of Zelda
Gaming
Video Games
Board Games
Card Games
Pokémon
Mario
Nintendo
Minecraft
Console
Toys
Legend of Zelda
Random Quiz
Search Sporcle
×
Quiz Lab
Quiz Lab
Gaming
island
Type in answers that appear in a list
Type in answers that appear in a list
Classic
Best Score? Go Orange.
Escape from Monkey Island-Grab Bag Stats
Can You Name the Escape from Monkey Island-Grab Bag?
By
sparkman
25m
164 Questions
239 Plays
239 Plays
239 Plays
Comments
Comments
Give Quiz Kudos
Give Quiz Kudos
-
- Ratings
hide this ad
Replay
Link that replays current quiz
Next Quiz
Link to next quiz in quiz playlist
You Got
0%
They Got
Avg Score
69%
Avg Friend Score
Upgrade to see
Score Distribution
Jump to the score distribution portion of the page
Score
0/164
Timer
25:00
0
Plays Today
% Correct
Guybrush Threepwood
97.1%
Melee Island
96.7%
Elaine Marley
96.7%
Monkey Island
96.2%
Monkeys
95.8%
LeChuck
94.1%
Lucre Island
89.1%
Carla
88.3%
Otis
87.9%
Jambalaya Island
87%
SCUMM!! Bar
86.2%
Knuttin Atoll
85.8%
Can of Grog
84.5%
Governor's Mansion
84.1%
Stan
83.7%
Bottle of Fine Grog
83.7%
Ozzie Mandrill
82%
Voodoo Lady
81.6%
Herman Toothrot
81.6%
Sword
81.6%
Fish
81.2%
Blue Painting
80.3%
Lua Bar
79.9%
2nd Bank of Lucre
79.5%
Pegnose Pete
78.7%
Wimpy Grog
78.7%
Meathook
78.2%
Bronze Hat
78.2%
Rubber Chicken with a Pulley In the Middle
78.2%
Mr I Cheese
77.4%
Prosthetic Skin
77%
Murray
76.6%
Duck
75.7%
Silver Monkey Mug
75.7%
Timmy
75.3%
Banana Picker
74.5%
Gun
73.9%
Small Sponge
73.6%
Sponge
73.6%
Large Sponge
73.6%
Termite Circus
73.5%
Prosthetic Head
73.2%
Coconut
73.2%
Toy Pirate Ship
73.1%
Planet Threepwood
72.8%
Charles L Charles
72.8%
Cologne
72.8%
Starbuccaneer's Logo Mug
72.4%
Rope
72.3%
Deadeye Dave
72%
Jojo Jr
72%
Glowing Fish
71.6%
Chess Clock
71.5%
Earrings
71.5%
Pen on a Chain
71.5%
% Correct
Music Box
71.1%
Palace O'Prostheses Customer Directions
70.9%
Family Lawyers
70.7%
Prosthetic Hand
70.7%
Itsy Bitsy Screw
70.7%
Necklace
70.7%
Boulder Beach
70.3%
Beach
70.3%
The Dainty Lady
70.2%
Starbuccaneer's
69.9%
Hippy Judge
69.9%
Wise Judge
69.9%
Grouchy Judge
69.9%
Puppets
69.9%
Miss Rivers
69.5%
Golden Man
69.5%
1st Church of LeChuck
69%
Marco de Pollo
69%
Milk Bottle
69%
Jail House
68.6%
World Famous Giant Monkey Head
68.6%
Tin of Chicken Grease
68.6%
Bananas
68.6%
Brittany
68.2%
Popped Inner Tube
68.2%
Prosthetic Heart
68.1%
Fish Bait Shop
67.4%
Lua Bar Waitress
67.4%
Paintbrush
67.4%
Dunce Cap
67.4%
Parrots
67.4%
Ozzie Mandrill's Mansion
66.9%
Whistle
66.9%
Accordion
66.9%
Skeleton Key
66.9%
SCUMM!! Bar Bartender
66.5%
Inspector Canard
66.5%
Starbuccaneer's Clerk
66.5%
Planet Threepwood Waitress
66.5%
Cushy Government Contract
66.5%
Melee Island Gubernatorial Symbol
66.5%
Empty Spritzer Bottle
66.5%
Planet Threepwood Coupon
66.5%
Note
66.5%
Harbour Mistress
66.1%
Hugo
66.1%
Wood Shavings
66.1%
Government Contract
66.1%
1st Bank of Lucre's Money
66%
House of Sticks
65.7%
Microgroggery Bartender
65.7%
Manhole Cover
65.7%
Home Made Perfume
65.7%
Marley Family Heirlooms
65.7%
Pirate Transmodification School
65.3%
% Correct
Abomination
65.3%
Prosthetic Bum
65.3%
Pirates
64.9%
Mr Quidworth
64.4%
Freddie
64.4%
Father Allegro Rasputin
64.4%
Scupperware Container
64.4%
Microgroggery
64%
Monkey Town
64%
Tourists
64%
Flower
64%
Casaba
63.6%
French Chef
63.6%
Handkerchief
63.6%
Forest
62.8%
A Quarter
62.8%
Cudu Jerky Pretzels
62.3%
Voodoo Emporium
61.9%
Palace o Prostheses
61.9%
Jumbeaux LaFeet
61.9%
Meathook's House of Wax
61.5%
Mining Site
61.5%
Arnya
61.1%
Playing Cards
60.9%
Darts Players
60.7%
Stan's Time Shares Brochure
60.7%
Weed Cutter
60.7%
City Hall
60.3%
Drunken Pirate
60.3%
Hellbeard
60.3%
Monkey Mug Cariacature
60.3%
Mungel
60.3%
Chopsticks
60%
Shields
59.4%
Campsite
59%
Figurehead Lady
59%
Diving Contest Certificate
59%
Cariacature Guy
59%
Boat Yard
58.6%
Stan's Time Shares Emporium
58.6%
Puppet House
58.6%
Vista Point
58.6%
Castaneda
58.6%
Santiago
58.6%
Bagel Chunks & Schmear Whiz
58.6%
Mystes O'Time Marshe
58.2%
Lawyers 4 U
58.2%
Scents & Sensibilities
58.2%
Boulder Flinging Goon
58.2%
Lava Fields
57.3%
Pegnose Pete's Booty Showcase
56.9%
Plank Diving Contest
56.9%
Bait Shop Owner
56.9%
Planks
56.9%
Quiz Playlist
Details
Report
Send in Message
Add To Playlist
Classic:
Type in answers that appear in a list
Last Updated: Oct 31, 2022
Quiz Scoreboard
CHALLENGE
Sign Up to Join the Scoreboard
Show All
Scores
Hide
Comments
May contain spoilers
Recently Published
Alphabetical 'K' Countries by Flag Minefield
by ylime102
Geography
3m
Pick 6: Fruits
by JohnFran
Miscellaneous
15s
Click the 1999 NBA Draft
by nibperrychub
Sports
2m
More to Explore
Quiz From the Vault
Featured Blog Post
15 Basketball Trivia Facts You Can Be March Mad About
hide this ad
You Might Also Like...
Tags
bag
escape
island
Monkey
Monkey Island
Today's Top Quizzes in Gaming
Browse Gaming
hide this ad
Today's Top Quizzes in island
Browse island
Top Contributed Quizzes in Gaming
1
Order Genshin Impact characters by release date!
2
Pokémon Gen IV Logic Puzzle (HARD)
3
HARD Pokemon Logic Puzzle
4
Genshin Impact Logic Puzzle Quiz
5
Genshin Impact Logic Puzzle Quiz II
6
Overwatch Logic Puzzle
7
Danganronpa Sorting Blitz
8
Pokémon Logic Puzzle (DIFFICULT)
9
Overwatch Hero Logic II
10
FF7 Gillionaire
Explore More
Trending Topics
Kpop
NBA
Anime
Crossword
Marvel
Harry Potter
Disney
WWE
The Office
Country
Soccer
Pokémon
Song
Puzzle
NFL
hide this ad
More By:
sparkman
Quiz
Plays
Rating
Category
Featured
Created
ATP Tennis Grand Slam Finals from 1990 Onwards?
1,304
3.33
Sports
Jul 28, 2014
Dark Souls 3-Grab Bag
1,007
4.67
Gaming
May 30, 2016
Super Metroid-Grab Bag
867
4.56
Gaming
Feb 9, 2012
Plants vs Zombies Garden Warfare 2-Grab Bag
850
5.00
Gaming
Apr 12, 2016
Far Cry 3-Wildlife
765
4.50
Gaming
Jan 3, 2013
Go to Creator's Profile
Score Distribution
Quiz Creator Spotlight
sparkman
Follow
Send a Message
Quizzes Created
-
Created Quiz Play Count
-
More By This Creator
Popular Quizzes Today
1
Find the US States - No Outlines Minefield
2
Countries of Asia Without Outlines Minefield
3
Pick 6: Fruits
4
Alphabetical 'K' Countries by Flag Minefield
5
The Countries of the World
6
Click the 1999 NBA Draft
7
Find the US States
8
Match the Book to the Film X
More Gaming Quizzes
Mind Reader: Pokémon
Curator's Pick
Trending Quizzes
Pick 6: Harry Potter
Pick 6: Mountains
Pick 6: NFL Teams
Pick 6: Golfers
Pick 6: Movie Franchises
Recently Updated
Women's Final Four Teams by Year
bhenderson79
Presidents Quartet II
eogle
Anything But Clue(do)
eogle
Anything But Oceanian Capitals
eogle
Anything But 7
eogle
Anything But Thing
eogle
Word Ladder: February 29
pecheneg
Song Title Questions
pecheneg
Women's NCAA Tournament #1 Seeds
pecheneg
Celebrity Mug Shots
pecheneg
Trending Topics
Disney
Crossword
NBA
Harry Potter
Anime
Kpop
Marvel
Puzzle
Soccer
The Office
Country
Song
NFL
Pokémon
WWE
Your Account Isn't Verified!
In order to create a playlist on Sporcle, you need to verify the email address you used during registration. Go to your
Sporcle Settings
to finish the process.
Report this User
Report this user for behavior that violates our
Community Guidelines
.
Details:
Send Report
Go to the Sporcle.com Mobile Site →
Comments